Preparando la primera comunión ; Para decorar su hogar a través de los cristales (Registro nro. 6565)
[ vista simple ]
| 000 - LÍDER | |
|---|---|
| campo de control de longitud fija | 01240nam a2200313 i 4500 |
| 005 - FECHA Y HORA DE LA ÚLTIMA TRANSACCIÓN | |
| campo de control | 20210727153342.0 |
| 007 - DESCRIPCIÓN FÍSICA CAMPO FIJO - INFORMACIÓN GENERAL | |
| campo de control de longitud fija | ta |
| 008 - ELEMENTOS DE DATOS DE LONGITUD FIJA - INFORMACIÓN GENERAL | |
| campo de control de longitud fija | 200419s2008 ck a gr 000 0 spa d |
| 020 ## - INTERNATIONAL STANDARD BOOK NUMBER | |
| International Standard Book Number | 9789583010859 |
| 040 ## - FUENTE DE CATALOGACIÓN | |
| Agencia de catalogación original | CO-BoRNBP |
| Lenguaje de catalogación | spa |
| Descripción convenciones | rda |
| Agencia de transcripción | CO-BoRNBP |
| 041 0# - CÓDIGO DE LENGUAJE | |
| Código de idioma de texto / pista de sonido o título separado | spa |
| 082 04 - NÚMERO DE CLASIFICACIÓN DECIMAL DEWEY | |
| Número de clasificación | 745.1028 |
| Número de artículo | Q83p2 |
| Número de edición | 23 |
| 100 1# - ENTRADA PRINCIPAL - NOMBRE PERSONAL | |
| Nombre de la persona | Quintero Ovalle, Zandra |
| Término del Relator | autora |
| 245 1# - TÍTULO DECLARACIÓN | |
| Título | Preparando la primera comunión ; Para decorar su hogar a través de los cristales |
| Declaración de responsabilidad | redacción Zandra Quintero Ovalle ; fotografía Jorge H. González |
| 250 ## - DECLARACIÓN DE EDICIÓN | |
| Sentencia de edición | Primera edición |
| 264 #1 - AVISO DE PRODUCCIÓN, PUBLICACIÓN, DISTRIBUCIÓN, FABRICACIÓN Y DERECHOS DE AUTOR | |
| Lugar de producción | Bogotá, Colombia |
| Nombre del productor | Panamericana |
| Fecha de producción | 2008 |
| 300 ## - DESCRIPCIÓN FÍSICA | |
| Alcance | 18 páginas |
| Otros datos físicos | ilustraciones a color y fotografías |
| Dimensiones | 23 cm |
| 336 ## - TIPO DE CONTENIDO | |
| Tipo de contenido | texto |
| Código de tipo de contenido | txt |
| Fuente | rdacontent |
| 337 ## - TIPO DE MEDIO | |
| Término del tipo de medio | sin mediación |
| Código de tipo de medio | n |
| Fuente | rdamedia |
| 338 ## - TIPO DE PORTADOR | |
| Término del tipo de operador | volumen |
| Código de tipo de operador | nc |
| Fuente | rdacarrier |
| 505 1# - NOTA DE CONTENIDO FORMATEADA | |
| Nota sobre el contenido formateado | Corona de flores ; Centro de mesa ; Registro primera comunión ; Tabla para servir ; Pantalla para lámpara ; Aplique traslúcido |
| 521 ## - NOTA DE AUDIENCIA OBJETIVO | |
| Nota para el público objetivo | Recomendado a partir de los 15 años |
| 650 17 - ENTRADA DE SUJETO AÑADIDO - TÉRMINO TÓPICO | |
| Término tópico o elemento de entrada del nombre geográfico | Trabajos manuales |
| Fuente del título o término | ARMARC |
| 650 17 - ENTRADA DE SUJETO AÑADIDO - TÉRMINO TÓPICO | |
| Término tópico o elemento de entrada del nombre geográfico | Arreglos florales |
| Fuente del título o término | ARMARC |
| 650 17 - ENTRADA DE SUJETO AÑADIDO - TÉRMINO TÓPICO | |
| Término tópico o elemento de entrada del nombre geográfico | Vitrales |
| Fuente del título o término | ARMARC |
| 700 1# - ENTRADA AGREGADA - NOMBRE PERSONAL | |
| Nombre de la persona | González, Jorge H. |
| Fechas asociadas a un nombre | fotografo |
| 740 ## - ENTRADA AGREGADA - TÍTULO RELACIONADO / ANALÍTICO NO CONTROLADO | |
| Título relacionado/analítico no controlado | Para decorar su hogar a través de los cristales |
| 942 ## - ELEMENTOS DE ENTRADA AGREGADOS (KOHA) | |
| Fuente de clasificación o esquema de estanterías | Dewey Decimal Classification |
| Tipo de artículo Koha | Libro |
| Estado de retirada | Pérdida de estatus | Fuente de clasificación o esquema de estanterías | Estado dañado | No para préstamo | Código de recogida | Ubicación permanente | Ubicación actual | Ubicación de las estanterías | Fecha de adquisición | Fuente de adquisición | Total de Cajas | Número Topográfico | Código de barras | Precio efectivo desde | Número de copia | Fecha de la última vez que se vio | Tipo de artículo Koha |
|---|---|---|---|---|---|---|---|---|---|---|---|---|---|---|---|---|---|
| Dewey Decimal Classification | General | Biblioteca Pública Municipal Isaías Naranjo Ríos | Biblioteca Pública Municipal Isaías Naranjo Ríos | Área General | 09/10/2012 | Dotación ministerio de cultura | 745.1028 Q83p2 | API01 - 0875 | 13/08/2024 | Ej. 1 | 13/08/2024 | Libro | |||||
| Dewey Decimal Classification | General | Biblioteca Pública Municipal Pública Municipal de Santuario | Biblioteca Pública Municipal Pública Municipal de Santuario | Área General | 05/10/2022 | Dotación MinCultura y BNC | 745.1028 Q83pr | SANT18 - 0663 | 05/10/2022 | Ej. 1 | 05/10/2022 | Libro |